=LDR 00000nam 2200000 4500 =001 INLIS000000000021049 =005 20130612115938 =008 ***********************************Ind** =035 ##$$0010-061300000021049 =041 ##$$a Ind =082 ##$$a 330.1 =090 ##$$a 330.1, Lef m =100 ##$$a Leffwicch, Richard H =245 ##$$a Mikro ekonomi, oleh Richard H. Leffwich ; diterjemahkan oleh St. Dianjuang =260 ##$$a 1981 $b Jakarta =300 ##$$a ...jil, ilus, 21 cm =650 ##$$a Ekonomi Mikro =850 ##$$a NBPNMAT